[Event "Oberliga Sued W 1415"]
[Site "Germany"]
[Date "2015.02.22"]
[Round "7.1"]
[White "Boidman, Yuri"]
[Black "Ehringer, Andreas"]
[Result "1/2-1/2"]
[WhiteElo "2393"]
[BlackElo "2157"]
[PlyCount "129"]
[EventDate "2014.09.21"]
[EventType "team-tourn"]
[EventRounds "9"]
[EventCountry "GER"]
[SourceTitle "EXT 2019"]
[Source "ChessBase"]
[SourceDate "2018.10.10"]
[SourceVersion "1"]
[SourceVersionDate "2018.10.10"]
[SourceQuality "1"]
[WhiteTeam "Heimbach Weis/Neuwied"]
[BlackTeam "Mutterstadt"]
[WhiteTeamCountry "GER"]
[BlackTeamCountry "GER"]

1. e4 d5 2. exd5 Nf6 3. Bb5+ Bd7 4. Be2 Nxd5 5. Nf3 Nf4 6. Bf1 Ng6 7. d4 Bg4 8. h3 Bxf3 9. Qxf3 c6 10. Be3 Qb6 11. Nd2 Qxb2 12. Rb1 Qxc2 13. Bc4 e6 14. 0-0 Be7 15. Rxb7 0-0 16. Rfb1 Rd8 17. Bg5 Nd7 18. Bd3 Qxa2 19. Bxg6 Bxg5 20. Qxf7+ Kh8 21. Ne4 Bh6 22. Bf5 Qd5 23. Qxe6 Qxe6 24. Bxe6 Nf8 25. Ba2 Rxd4 26. f3 c5 27. Rc7 Rd7 28. Rbb7 Rxc7 29. Rxc7 Bf4 30. Rf7 Ng6 31. Bd5 Rc8 32. Rxa7 Be3+ 33. Kf1 Nf4 34. Ba2 h6 35. g3 c4 36. Ra3 c3 37. Nxc3 Nxh3 38. Nd5 Bc5 39. Rc3 Ng5 40. Ne7 Ra8 41. Ng6+ Kh7 42. Bb1 Ra1 43. Rb3 Rxb1+ 44. Rxb1 Kxg6 45. Kg2 Ne6 46. Rb5 Kf5 47. Rb7 h5 48. Rf7+ Kg6 49. Rb7 Kf6 50. Rb1 g5 51. Rb8 Ng7 52. Kh3 Bd6 53. Rb6 Ke6 54. Ra6 Kd5 55. Ra5+ Bc5 56. Ra8 Ke6 57. Ra5 Be7 58. Ra8 Bf6 59. Ra6+ Kf5 60. Ra5+ Be5 61. f4 gxf4 62. gxf4 Kxf4 63. Ra4+ Kf5 64. Ra6 Ne6 65. Rxe6 1/2-1/2

[Event "Oberliga Sued W 1415"]
[Site "Germany"]
[Date "2014.11.09"]
[Round "3.1"]
[White "Dauenheimer, Torsten"]
[Black "Ehringer, Andreas"]
[Result "1-0"]
[WhiteElo "2213"]
[BlackElo "2157"]
[PlyCount "85"]
[EventDate "2014.09.21"]
[EventType "team-tourn"]
[EventRounds "9"]
[EventCountry "GER"]
[SourceTitle "EXT 2019"]
[Source "ChessBase"]
[SourceDate "2018.10.10"]
[SourceVersion "1"]
[SourceVersionDate "2018.10.10"]
[SourceQuality "1"]
[WhiteTeam "Worms"]
[BlackTeam "Mutterstadt"]
[WhiteTeamCountry "GER"]
[BlackTeamCountry "GER"]

1. b3 e5 2. Bb2 Nc6 3. e3 Nf6 4. Bb5 e4 5. d3 Bb4+ 6. c3 Be7 7. dxe4 Nxe4 8. Nd2 Nxd2 9. Qxd2 0-0 10. Nf3 a6 11. Bd3 d5 12. Bc2 Bf6 13. 0-0-0 Be6 14. h4 g6 15. Ng5 Ne7 16. Qe2 c6 17. Nxe6 fxe6 18. Qg4 Qc8 19. e4 Kg7 20. h5 e5 21. Qg3 dxe4 22. Bxe4 Qe6 23. Qe3 Rad8 24. hxg6 Rxd1+ 25. Rxd1 hxg6 26. Qb6 Qc8 27. Ba3 Re8 28. Kb1 Nf5 29. g4 Nh6 30. f3 Nf7 31. c4 Rd8 32. Rxd8 Bxd8 33. Qc5 Bc7 34. Qe3 Qh8 35. Bc1 Bd8 36. Qd3 Qh1 37. f4 Qg1 38. Bxg6 Bb6 39. Bxf7 Kxf7 40. Qf5+ Ke8 41. Qxe5+ Kf7 42. Qf5+ Ke7 43. g5 1-0

[Event "Oberliga Sued W 1213"]
[Site "Germany"]
[Date "2012.10.21"]
[Round "1.3"]
[White "Ehringer, Andreas"]
[Black "Bastian, Herbert"]
[Result "0-1"]
[WhiteElo "2083"]
[BlackElo "2306"]
[PlyCount "60"]
[EventDate "2012.10.21"]
[EventType "team-tourn"]
[EventRounds "9"]
[EventCountry "GER"]
[SourceTitle "EXT 2019"]
[Source "ChessBase"]
[SourceDate "2018.10.10"]
[SourceVersion "1"]
[SourceVersionDate "2018.10.10"]
[SourceQuality "1"]
[WhiteTeam "Mutterstadt"]
[BlackTeam "Saarbruecken SVG"]
[WhiteTeamCountry "GER"]
[BlackTeamCountry "GER"]

1. d4 Nf6 2. Nf3 g6 3. Bg5 Bg7 4. Nbd2 c5 5. dxc5 Na6 6. e4 Nxc5 7. Bxf6 Bxf6 8. c3 0-0 9. Bc4 b5 10. Be2 d6 11. 0-0 Qb6 12. Qc2 Bb7 13. Rac1 Rac8 14. Rfe1 Bg7 15. Bd3 e5 16. Nb3 Nxd3 17. Qxd3 f5 18. Nbd2 fxe4 19. Nxe4 d5 20. Nfg5 dxe4 21. Qh3 Qxf2+ 22. Kh1 h6 23. Qe6+ Kh8 24. Nh3 Qf5 25. Qb3 e3 26. Rxe3 h5 27. Qxb5 Bc6 28. Qe2 Bh6 29. Rxe5 Qxh3 30. Re7 Bf4 0-1

[Event "Oberliga Sued W 0910"]
[Site "Germany"]
[Date "2009.12.13"]
[Round "4.8"]
[White "Kalepky, Helmut"]
[Black "Ehringer, Andreas"]
[Result "0-1"]
[WhiteElo "2111"]
[BlackElo "2145"]
[PlyCount "118"]
[EventDate "2009.10.18"]
[EventType "team-tourn"]
[EventRounds "9"]
[EventCountry "GER"]
[SourceTitle "EXT 2011"]
[Source "ChessBase"]
[SourceDate "2010.11.26"]
[SourceVersion "1"]
[SourceVersionDate "2010.11.26"]
[SourceQuality "1"]
[WhiteTeam "Heidesheim"]
[BlackTeam "Mutterstadt"]
[WhiteTeamCountry "GER"]
[BlackTeamCountry "GER"]

1. Nf3 Nf6 2. c4 e6 3. g3 d5 4. Bg2 c6 5. Qc2 Nbd7 6. 0-0 Bd6 7. d4 0-0 8. Nc3 dxc4 9. Nd2 Nb6 10. e4 e5 11. d5 Bd7 12. Re1 Re8 13. Nf1 Rc8 14. Bg5 h6 15. Bxf6 Qxf6 16. Ne3 Bc5 17. Qe2 Bd4 18. Rac1 a6 19. Qd2 Red8 20. Bf1 Qf3 21. Bg2 Qh5 22. Bf1 Bh3 23. Bxh3 Qxh3 24. Qe2 Qd7 25. dxc6 Qxc6 26. Ncd5 Nxd5 27. Rxc4 Qb5 28. Rxc8 Rxc8 29. Nxd5 Rc1 30. Kg2 Qxb2 31. Qxb2 Bxb2 32. Rxc1 Bxc1 33. Kf3 h5 34. h3 Kf8 35. Ke2 Ke8 36. Kd3 Kd7 37. Kc4 Ba3 38. Ne3 Ke6 39. f3 b6 40. Nd5 b5+ 41. Kb3 Bd6 42. Nb4 a5 43. Nd5 Kd7 44. Ne3 Kc6 45. Nd1 Bb4 46. Nb2 Kc5 47. Nd3+ Kd4 48. Nxb4 a4+ 49. Kc2 Ke3 50. Nc6 f6 51. a3 Kxf3 52. Na7 Kxg3 53. Nxb5 Kxh3 54. Nc3 Kg2 55. Kd3 Kf2 56. Nd1+ Kf3 57. Ne3 h4 58. Nf1 h3 59. Nh2+ Kg2 0-1

[Event "Oberliga Sued W 0607"]
[Site "Germany"]
[Date "2007.02.25"]
[Round "7.5"]
[White "Ehringer, Andreas"]
[Black "Mayer, Jean Marc"]
[Result "0-1"]
[WhiteElo "2165"]
[BlackElo "2177"]
[PlyCount "58"]
[EventDate "2006.10.15"]
[EventType "team-tourn"]
[EventRounds "9"]
[EventCountry "GER"]
[SourceTitle "EXT 2009"]
[Source "ChessBase"]
[SourceDate "2008.11.26"]
[SourceVersion "1"]
[SourceVersionDate "2008.11.26"]
[SourceQuality "1"]
[WhiteTeam "Mutterstadt"]
[BlackTeam "Saarbruecken"]
[WhiteTeamCountry "GER"]
[BlackTeamCountry "GER"]

1. d4 d5 2. Nf3 Nf6 3. Bf4 c6 4. Nbd2 Bf5 5. e3 e6 6. Be2 Be7 7. 0-0 Nbd7 8. Nh4 Be4 9. f3 Bg6 10. Bg5 Qc7 11. c3 Bd6 12. f4 Be4 13. h3 0-0 14. Nhf3 c5 15. Ne5 Bg6 16. g4 cxd4 17. exd4 Ne4 18. Bh4 Nxe5 19. Nxe4 Nf3+ 20. Bxf3 dxe4 21. Bg2 Bxf4 22. Qb3 e5 23. d5 e3 24. Rfe1 Bd3 25. Rad1 e4 26. c4 g5 27. Rxd3 exd3 28. Qxd3 gxh4 29. Qf5 Qe5 0-1

[Event "Oberliga Sued W 0607"]
[Site "Germany"]
[Date "2006.11.19"]
[Round "3.5"]
[White "Mink, Jens"]
[Black "Ehringer, Andreas"]
[Result "0-1"]
[WhiteElo "2149"]
[BlackElo "2165"]
[PlyCount "96"]
[EventDate "2006.10.15"]
[EventType "team-tourn"]
[EventRounds "9"]
[EventCountry "GER"]
[SourceTitle "EXT 2009"]
[Source "ChessBase"]
[SourceDate "2008.11.26"]
[SourceVersion "1"]
[SourceVersionDate "2008.11.26"]
[SourceQuality "1"]
[WhiteTeam "Ludwigshafen"]
[BlackTeam "Mutterstadt"]
[WhiteTeamCountry "GER"]
[BlackTeamCountry "GER"]

1. Nf3 Nf6 2. g3 d5 3. Bg2 Bg4 4. 0-0 Nbd7 5. d3 c6 6. Nbd2 e5 7. c4 Bc5 8. cxd5 cxd5 9. h3 Bf5 10. g4 Be6 11. d4 exd4 12. Nb3 Bb6 13. Nfxd4 0-0 14. g5 Ne4 15. f4 f6 16. e3 Bf7 17. h4 Rc8 18. Qg4 Ndc5 19. Nxc5 Rxc5 20. Rd1 Qe8 21. Bf3 Qc8 22. f5 Re8 23. Qg2 fxg5 24. hxg5 Re5 25. g6 hxg6 26. fxg6 Bxg6 27. Bg4 Qe8 28. Rf1 Bh5 29. Nf5 Rc7 30. b3 Re6 31. Nh4 Bxg4 32. Qxg4 Re5 33. Nf5 Re6 34. Nh4 Rf7 35. Bb2 Bxe3+ 36. Kg2 d4 37. Rxf7 Qxf7 38. Rf1 Qe7 39. Ng6 Qg5 40. Qxg5 Nxg5 41. Nf4 Bxf4 42. Rxf4 Re2+ 43. Rf2 Rxf2+ 44. Kxf2 Ne6 45. Kf3 Kf7 46. Ke4 Kf6 47. b4 g5 48. a4 g4 0-1

[Event "Oberliga Sued W 0506"]
[Site "Germany"]
[Date "2006.03.12"]
[Round "8.5"]
[White "Ehringer, Andreas"]
[Black "Hartweg, Nicolas"]
[Result "1/2-1/2"]
[WhiteElo "2031"]
[BlackElo "2046"]
[PlyCount "99"]
[EventDate "2005.10.23"]
[EventType "team-tourn"]
[EventRounds "9"]
[EventCountry "GER"]
[SourceTitle "EXT 2007"]
[Source "ChessBase"]
[SourceDate "2006.11.23"]
[SourceVersion "1"]
[SourceVersionDate "2006.11.23"]
[SourceQuality "1"]
[WhiteTeam "Mutterstadt"]
[BlackTeam "Bad Bergzabern"]
[WhiteTeamCountry "GER"]
[BlackTeamCountry "GER"]

1. d4 d5 2. Nf3 Nf6 3. Bf4 e6 4. e3 Bd6 5. Ne5 0-0 6. Nd2 Nfd7 7. Bd3 f5 8. g4 Bxe5 9. Bxe5 Nxe5 10. dxe5 Nc6 11. gxf5 Nxe5 12. fxe6 Bxe6 13. Bxh7+ Kxh7 14. Qh5+ Kg8 15. Qxe5 Qd7 16. Qg3 Bf5 17. Nb3 Be4 18. Rg1 Rf3 19. Qe5 Rf5 20. Qd4 b6 21. 0-0-0 Rf7 22. Rg5 c5 23. Qe5 Re8 24. Qg3 a5 25. Nd2 Bf5 26. Qh4 c4 27. Rh5 g6 28. Rh8+ Kg7 29. Qd4+ Rf6 30. Rxe8 Qxe8 31. c3 Bd3 32. f4 Qa4 33. Nb3 Qxa2 34. Rxd3 cxd3 35. Nd2 a4 36. Qxd3 a3 37. bxa3 Qxa3+ 38. Kd1 Qc5 39. e4 dxe4 40. Nxe4 Qg1+ 41. Kc2 Rxf4 42. Kb3 Rf7 43. h4 b5 44. Nd6 Rd7 45. Ne8+ Kf8 46. Qxd7 Qb1+ 47. Ka3 Qa1+ 48. Kb3 Qb1+ 49. Ka3 Qa1+ 50. Kb3 1/2-1/2

[Event "Oberliga Sued W 0506"]
[Site "Germany"]
[Date "2005.12.11"]
[Round "4.5"]
[White "Mischke, Luis"]
[Black "Ehringer, Andreas"]
[Result "1-0"]
[WhiteElo "2012"]
[BlackElo "2031"]
[PlyCount "223"]
[EventDate "2005.10.23"]
[EventType "team-tourn"]
[EventRounds "9"]
[EventCountry "GER"]
[SourceTitle "EXT 2007"]
[Source "ChessBase"]
[SourceDate "2006.11.23"]
[SourceVersion "1"]
[SourceVersionDate "2006.11.23"]
[SourceQuality "1"]
[WhiteTeam "Saarbruecken II"]
[BlackTeam "Mutterstadt"]
[WhiteTeamCountry "GER"]
[BlackTeamCountry "GER"]

1. e4 d5 2. exd5 Nf6 3. d4 Nxd5 4. c4 Nb6 5. Nc3 g6 6. c5 N6d7 7. Bc4 Bg7 8. Nf3 0-0 9. 0-0 b6 10. Be3 a5 11. cxb6 Nxb6 12. Be2 Ba6 13. Rc1 Qd6 14. b3 Bxe2 15. Qxe2 Na6 16. Nb5 Qd8 17. Bg5 Nd5 18. Rfe1 Re8 19. Ne5 f6 20. Nc6 Qd7 21. Bd2 Nab4 22. Bxb4 axb4 23. Qc4 e6 24. Nxb4 Nxb4 25. Qxb4 Rab8 26. a4 c6 27. Qd6 Qxd6 28. Nxd6 Red8 29. Rxc6 Rxb3 30. a5 Bf8 31. Ne4 Rxd4 32. Nxf6+ Kg7 33. Rcxe6 Bb4 34. Rf1 Bxa5 35. h3 Rb6 36. Rxb6 Bxb6 37. Ng4 h5 38. Ne3 Re4 39. Re1 Kf7 40. Kf1 Rf4 41. Ke2 Rb4 42. Rd1 Ke6 43. Kf3 Rb2 44. Rc1 Kf7 45. Rc8 Bd4 46. Rc2 Rb3 47. Ke4 Bxe3 48. fxe3 Rb4+ 49. Kd5 Rb5+ 50. Kc4 Rb1 51. Kd4 Rb4+ 52. Ke5 Rb5+ 53. Kf4 Rf5+ 54. Ke4 Ra5 55. Rd2 Ke6 56. g4 hxg4 57. hxg4 Ra4+ 58. Rd4 Ra5 59. Kf4 g5+ 60. Ke4 Ra1 61. Rb4 Ra6 62. Rb8 Ra4+ 63. Kf3 Ra5 64. Rf8 Rb5 65. Rd8 Rb4 66. Rd4 Rb1 67. Ra4 Rb5 68. Ra6+ Kf7 69. Rd6 Ke7 70. Rc6 Rb4 71. Rg6 Rb5 72. Rc6 Rb4 73. Rc3 Ke6 74. Rd3 Rb1 75. Ra3 Rb4 76. Ra5 Kf6 77. Rd5 Ra4 78. Rd4 Ra1 79. Rd6+ Ke7 80. Rb6 Ra4 81. Rb5 Kf6 82. Rd5 Rb4 83. Rd4 Rb1 84. Ke4 Rb5 85. Ra4 Rb6 86. Kd5 Rb5+ 87. Kd4 Rb6 88. e4 Ke6 89. e5 Rc6 90. Ke4 Rb6 91. Rd4 Rb1 92. Rd6+ Ke7 93. Kf5 Re1 94. Ra6 Rf1+ 95. Kxg5 Rf2 96. Rf6 Re2 97. Rf5 Ke6 98. Kg6 Rg2 99. g5 Rg1 100. Rf2 Kxe5 101. Re2+ Kd6 102. Kf6 Rf1+ 103. Kg7 Rg1 104. g6 Kd7 105. Kf7 Rf1+ 106. Kg8 Rg1 107. g7 Rg3 108. Re4 Rh3 109. Kf7 Rf3+ 110. Kg6 Rg3+ 111. Kf6 Rf3+ 112. Kg5 1-0

[Event "Seebach op 16th"]
[Site "Grossenseebach"]
[Date "2005.05.27"]
[Round "4"]
[White "Elster, Sebastian"]
[Black "Ehringer, Andreas"]
[Result "1/2-1/2"]
[WhiteElo "1787"]
[BlackElo "2163"]
[PlyCount "30"]
[EventDate "2005.05.26"]
[EventType "swiss"]
[EventRounds "7"]
[EventCountry "GER"]
[SourceTitle "EXT 2018"]
[Source "ChessBase"]
[SourceDate "2017.10.13"]
[SourceVersion "1"]
[SourceVersionDate "2017.10.13"]
[SourceQuality "1"]

1. d4 Nf6 2. c4 e6 3. Nf3 d5 4. Bg5 c6 5. e3 Qa5+ 6. Nfd2 Ne4 7. Bf4 Nd7 8. cxd5 exd5 9. f3 Nxd2 10. Nxd2 Bb4 11. Bd3 0-0 12. a3 Bxd2+ 13. Qxd2 Qxd2+ 14. Kxd2 f5 15. b4 b6 1/2-1/2

[Event "Seebach op 16th"]
[Site "Grossenseebach"]
[Date "2005.05.26"]
[Round "1"]
[White "Ehringer, Andreas"]
[Black "Hollfelder, Gerhard"]
[Result "1-0"]
[WhiteElo "2163"]
[BlackElo "1580"]
[PlyCount "43"]
[EventDate "2005.05.26"]
[EventType "swiss"]
[EventRounds "7"]
[EventCountry "GER"]
[SourceTitle "EXT 2018"]
[Source "ChessBase"]
[SourceDate "2017.10.13"]
[SourceVersion "1"]
[SourceVersionDate "2017.10.13"]
[SourceQuality "1"]

1. d4 Nf6 2. Nf3 e6 3. Bf4 d6 4. Nbd2 Be7 5. e4 b6 6. Bd3 Nbd7 7. c3 c5 8. Nc4 d5 9. exd5 Nxd5 10. Nd6+ Bxd6 11. Bxd6 N7f6 12. dxc5 bxc5 13. Bxc5 Ne7 14. Qa4+ Bd7 15. Qa3 Nfd5 16. 0-0-0 Qc7 17. Bd6 Qc6 18. Be4 Qa4 19. Rhe1 Qxa3 20. Bxa3 Rc8 21. Bxd5 Nxd5 22. Rxd5 1-0

[Event "Oberliga Sued W 0405"]
[Site "Germany"]
[Date "2004.12.12"]
[Round "4.7"]
[White "Ehringer, Andreas"]
[Black "Schmidt, Michael"]
[Result "1/2-1/2"]
[WhiteElo "2107"]
[BlackElo "2063"]
[PlyCount "69"]
[EventDate "2004.10.03"]
[EventType "team-tourn"]
[EventRounds "9"]
[EventCountry "GER"]
[SourceTitle "EXT 2009"]
[Source "ChessBase"]
[SourceDate "2008.11.26"]
[SourceVersion "1"]
[SourceVersionDate "2008.11.26"]
[SourceQuality "1"]
[WhiteTeam "Mutterstadt"]
[BlackTeam "Illingen"]
[WhiteTeamCountry "GER"]
[BlackTeamCountry "GER"]

1. d4 Nf6 2. Nf3 g6 3. Bg5 Bg7 4. Nbd2 d5 5. e3 c6 6. Ne5 Nbd7 7. f4 Nxe5 8. fxe5 Bg4 9. Qb1 Nd7 10. Bd3 f6 11. exf6 Bxf6 12. Bxf6 exf6 13. 0-0 Qc7 14. c4 Be6 15. cxd5 Bxd5 16. Qc2 f5 17. e4 fxe4 18. Bxe4 Bf7 19. Nf3 0-0 20. Ng5 Qd6 21. Rxf7 Rxf7 22. Nxf7 Kxf7 23. Qc4+ Kg7 24. d5 Qc5+ 25. Qxc5 Nxc5 26. Bf3 cxd5 27. Rc1 b6 28. Bxd5 Rd8 29. Bf3 Rd7 30. b4 Nd3 31. Rd1 Ne5 32. Rxd7+ Nxd7 33. Kf2 Ne5 34. Ke3 Kf6 35. Be2 1/2-1/2

[Event "Oberliga Sued W 0405"]
[Site "Germany"]
[Date "2004.11.14"]
[Round "2.6"]
[White "Ehringer, Andreas"]
[Black "Scheuermann, Gerhard"]
[Result "1-0"]
[WhiteElo "2107"]
[BlackElo "2151"]
[PlyCount "73"]
[EventDate "2004.10.03"]
[EventType "team-tourn"]
[EventRounds "9"]
[EventCountry "GER"]
[SourceTitle "EXT 2009"]
[Source "ChessBase"]
[SourceDate "2008.11.26"]
[SourceVersion "1"]
[SourceVersionDate "2008.11.26"]
[SourceQuality "1"]
[WhiteTeam "Mutterstadt"]
[BlackTeam "Schwarzenbach"]
[WhiteTeamCountry "GER"]
[BlackTeamCountry "GER"]

1. d4 Nf6 2. Nf3 c5 3. c3 cxd4 4. cxd4 g6 5. Nc3 Bg7 6. e4 d6 7. Bc4 0-0 8. 0-0 a6 9. e5 dxe5 10. dxe5 Ng4 11. Qe2 e6 12. h3 Nh6 13. Ne4 Nd7 14. Rd1 Qc7 15. Bf4 Nf5 16. Rac1 Qa5 17. Nd6 Nxd6 18. Rxd6 b5 19. Bb3 Ra7 20. Nd4 Nb8 21. Bd2 b4 22. f4 Rc7 23. Rxc7 Qxc7 24. Bxb4 Qc1+ 25. Qf1 Qxb2 26. Nf3 a5 27. Rd2 Qxb3 28. axb3 axb4 29. Qb5 Ba6 30. Qxb4 Rc8 31. Qb6 Bf8 32. Rd8 Rxd8 33. Qxd8 Nc6 34. Qc7 Ne7 35. Ng5 h6 36. Ne4 Kg7 37. Nd6 1-0